000 004220000a22001690004500
003 MACL
005 20160106142243.0
008 160106b xxu||||| |||| 00| 0 eng d
040 _aMACL
_cMACL
041 _aEnglish
082 _a823/DOS
100 _aDostoyevsky, Fyodor
_928069
245 _aThe Idiot
_bbook one
260 _bProgress Publishers
_c1977
_aMoscow
650 _aFiction
_928758
942 _cBK
_k823/DOS
_2ddc
999 _c34368
_d34368